000 00261nam a22001097a 4500
008 160428b xxu||||| |||| 00| 0 eng d
020 _a0801638488
041 _aeng
080 _a618.2
245 _aMedical surgical nursing:
_cPhipps Long Woods;
942 _2udc
_cBK
999 _c1667
_d1667